000 00674nam a22002177a 4500
003 UA-OsUOA
001 81423
007 ta
008 20120130b un ||||| |||| 00| 0 ukr d
100 _aШепель Ф.
090 _a94(477)
_bШ48
942 _cSA
040 _aUA-OsUOA
_brus
_cUA-OsUOA
_dUA-OsUOA
245 _aИван Сирко: действительностьи легенды или что писала о кошевом атамане зарубежная пресса ХVІІ века
300 _aС.8
955 _a0
041 _arus
080 _a94(477)
773 0 _w81421
650 7 _a9 Географія. Біографії. Історія
_2UDC
999 _c367734
_d367734